000 00254nam a2200097Ia 4500
001 679757
005 20250826161102.0
008 250824s9999 xx 000 0 und d
245 0 _aİNSAN KENDİNE İYİ GELİR
_cAHMET BÜKE
260 _bGÜNIŞIĞI YAYINLARI
999 _c679757
_d679757